000 00705nam a22002177a 4500
003 UA-OsUOA
001 72040
007 ta
008 20101217b un ||||| |||| 00| 0 ukr d
100 _aНедогибченко І.
090 _a330(477)
_bН42
942 _cSA
040 _aUA-OsUOA
_bukr
_cUA-OsUOA
_dUA-OsUOA
245 _aРозвиток вітчизняного строкового ринку як інструменту хеджування ризиків в умовах гнучкого режиму курсоутворення
300 _aС. 85-93
955 _a0
041 _aukr
080 _a330(477)
773 0 _w72031
650 7 _a330 Економіка взагалі
_2UDC
999 _c358311
_d358311